Goodbye To Gravity - Statistics

General Stats
  • This quiz has been taken 5 times
  • The average score is 224 of 471
Answer Stats
Hint Answer % Correct
SU & US (together) | Soviet Union | United States A
100%
Soviet Union | United States I
100%
Soviet Union Us
100%
United States All
67%
SU & US (together) An
67%
SU & US (together) | Soviet Union | United States And
67%
United States Are
67%
Soviet Union | United States Be
67%
Soviet Union | United States Can
67%
United States Do...
67%
Soviet Union Do
67%
Soviet Union | United States Go
67%
SU & US (together) | United States Goodbye
67%
United States Gravity
67%
SU & US (together) Gravity!
67%
SU & US (together) | United States I'll
67%
Soviet Union | United States I'm
67%
Soviet Union | United States In
67%
SU & US (together) | Soviet Union Is
67%
Background | Soviet Union It!
67%
Soviet Union | Soviet Union (together) | United States It
67%
Soviet Union It...
67%
Soviet Union | United States | United States (together) Me
67%
United States Me!
67%
United States Me,
67%
United States No...
67%
United States No!
67%
United States No
67%
Background Oh
67%
United States Russia,
67%
United States Russia...
67%
SU & US (together) | United States Say
67%
Background | SU & US (together) | Soviet Union | United States The
67%
United States Then
67%
Background They
67%
Soviet Union Thing?
67%
United States Think
67%
SU & US (together) | Soviet Union | United States | United States (together) To
67%
United States Want
67%
SU & US (together) | Soviet Union | United States We
67%
United States We'll
67%
United States Well?
67%
United States We've
67%
United States What
67%
SU & US (together) Who
67%
Background | SU & US (together) | United States Will
67%
United States Win
67%
United States Won
67%
United States Won't
67%
SU & US (together) | Soviet Union | United States You
67%
United States 1969
33%
United States Achievements!
33%
Soviet Union Advantage...
33%
United States Always
33%
SU & US (together) Ambition
33%
Background | United States America
33%
Soviet Union Amerika...
33%
Soviet Union Amerika,
33%
United States Angry
33%
United States Apollo
33%
United States As
33%
United States At
33%
Soviet Union Atmosphere
33%
United States Atomic
33%
United States Bask
33%
SU & US (together) Been
33%
United States Bombs
33%
SU & US (together) | Soviet Union Both
33%
United States But
33%
United States Came
33%
Soviet Union | United States Can't
33%
United States Care
33%
United States 'Cause
33%
United States Changed
33%
Background | SU & US (together) Cold
33%
SU & US (together) Combine
33%
United States Come
33%
United States Coming?
33%
SU & US (together) | United States Coming
33%
United States Compete
33%
SU & US (together) Competition
33%
United States Costs
33%
Soviet Union | United States Could
33%
Soviet Union Couldn't
33%
United States Decade,
33%
Background Did
33%
United States Dominate
33%
Background Done
33%
SU & US (together) | United States | United States (together) Don't
33%
United States Dream...
33%
United States Earth
33%
SU & US (together) End...
33%
Background | SU & US (together) End
33%
United States Everyone,
33%
United States Fame
33%
United States Farewell,
33%
Soviet Union Fiction!
33%
United States Find
33%
SU & US (together) Fly,
33%
Soviet Union | United States For
33%
Soviet Union Forgiven!
33%
SU & US (together) Friend
33%
United States Game
33%
United States Genre!
33%
United States Giant
33%
Soviet Union Glad
33%
Background God,
33%
Soviet Union Going
33%
United States Gonna
33%
United States Got
33%
Background | United States Has
33%
Soviet Union | United States Have
33%
United States Here
33%
United States High,
33%
United States Home,
33%
United States Home
33%
United States Hope
33%
United States How
33%
SU & US (together) | United States If
33%
Soviet Union Instead
33%
Soviet Union | United States Into
33%
SU & US (together) | United States It's
33%
United States Its
33%
Soviet Union | United States Just
33%
SU & US (together) | United States Know
33%
United States Know!
33%
United States Land
33%
United States Leap
33%
United States Least
33%
Soviet Union Let
33%
United States Limit
33%
Soviet Union Listen
33%
Soviet Union Live
33%
United States Long,
33%
United States Look
33%
Soviet Union | United States Made
33%
Soviet Union | Soviet Union (together) | United States Make
33%
Soviet Union | United States Man
33%
United States Mankind
33%
SU & US (together) | United States Maybe
33%
SU & US (together) Messing
33%
United States Militaries
33%
SU & US (together) Miss
33%
Soviet Union | United States Moon!
33%
United States Moon
33%
Background | United States My
33%
SU & US (together) My...
33%
United States Myself
33%
United States Nation
33%
United States Need
33%
Soviet Union | Soviet Union (together) | United States Never
33%
United States Nevermind
33%
Soviet Union Nonsense
33%
United States Now!
33%
Soviet Union Now
33%
Background Now?
33%
Soviet Union | United States Of
33%
Soviet Union On
33%
Soviet Union | United States One
33%
United States Or
33%
United States Other
33%
SU & US (together) | United States Our
33%
Soviet Union Outdo?
33%
United States Outer
33%
United States Over
33%
Soviet Union Past
33%
United States Play
33%
SU & US (together) Pleasure
33%
SU & US (together) Powerful
33%
United States Program
33%
United States Proved
33%
United States Push
33%
Soviet Union Put
33%
SU & US (together) | United States Race
33%
United States Reached
33%
United States Renown
33%
SU & US (together) Risks...
33%
United States Rules
33%
United States Said
33%
Soviet Union | United States Science
33%
United States Sky!
33%
United States Small
33%
United States So
33%
United States So,
33%
United States Soon
33%
Soviet Union | United States Space
33%
United States Space...
33%
United States Space!
33%
United States Sputnik
33%
United States Step
33%
United States | United States (together) Stop
33%
Soviet Union Superpower
33%
United States Surface,
33%
United States Technology
33%
United States Tell
33%
Soviet Union | United States That
33%
United States Their
33%
Soviet Union There!
33%
SU & US (together) There
33%
Soviet Union | United States This
33%
Soviet Union | United States This...
33%
United States 'Til
33%
United States Time
33%
United States Together...
33%
United States Trust
33%
Soviet Union | United States | United States (together) Try
33%
SU & US (together) Understood
33%
SU & US (together) | United States Up
33%
United States Upon
33%
United States Use
33%
Background | SU & US (together) War
33%
United States Way
33%
United States WHOA
33%
Soviet Union Why
33%
SU & US (together) With!
33%
United States With
33%
United States Within
33%
Soviet Union Without
33%
United States Worth
33%
Background Wow!
33%
Soviet Union | Soviet Union (together) | United States You'll
33%
SU & US (together) You're
33%
United States You've
33%
No matching quizzes found
Score Distribution
Percent of People with Each Score
Percentile by Number Answered
Your Score History
You have not taken this quiz